000 01072cam a2200229 4500
001 WB4010-13
008 040309n2004 000 0 eng u
035 _a(Sirsi) u125373
245 _aProblems for first-time buyers
260 _c2004
490 _aHalifax Building Society Press Release
_vMarch 2004, (1)
520 _aThe inaugural edition of Halifax's "Annual first time buyer review" shows that eight out of ten towns are out of the price range of first time buyers. Compiled from information sourced from the Council of Mortgage Lenders, the ONS and Halifax's own housing statistics database, the report reveals that of the 667 main UK towns, 531 or 80% were unaffordable for first-time buyers. Link to the report available from http://www.hbosplc.com/media/PR_archive www.hbosplc.com.
590 _aWB
590 _aWB
650 _aHOUSE PRICES
650 _aFIRST-TIME BUYERS
650 _aHOUSE PRICE STATISTICS
650 _aHALIFAX BUILDING SOCIETY
650 _aCOUNCIL OF MORTGAGE LENDERS
690 _aHOUSING-HOUSE PRICES
942 _n0
999 _c117080
_d117080